Principles of corporate finance. / (Record no. 8128)
[ view plain ]
| 000 -LEADER | |
|---|---|
| fixed length control field | 02643cam a2200313 a 4500 |
| 001 - CONTROL NUMBER | |
| control field | 203739 |
| 003 - CONTROL NUMBER IDENTIFIER | |
| control field | OSt |
| 005 - DATE AND TIME OF LATEST TRANSACTION | |
| control field | 20211125155030.0 |
| 008 - FIXED-LENGTH DATA ELEMENTS--GENERAL INFORMATION | |
| fixed length control field | 990512s2000 maua b 001 0 eng |
| 010 ## - LIBRARY OF CONGRESS CONTROL NUMBER | |
| LC control number | 99063448 |
| 020 ## - INTERNATIONAL STANDARD BOOK NUMBER | |
| International Standard Book Number | 0072909994 (student ed.) |
| 040 ## - CATALOGING SOURCE | |
| Original cataloging agency | DLC |
| Transcribing agency | LC |
| Modifying agency | DLC |
| 050 00 - LIBRARY OF CONGRESS CALL NUMBER | |
| Classification number | HG4026.B66(6e) |
| 082 00 - DEWEY DECIMAL CLASSIFICATION NUMBER | |
| Classification number | 658.15 |
| Edition number | 21 |
| 100 1# - MAIN ENTRY--PERSONAL NAME | |
| Personal name | Brealey, Richard A. |
| 245 10 - TITLE STATEMENT | |
| Title | Principles of corporate finance. / |
| Statement of responsibility, etc. | Richard A. Brealey, Stewart C. Myers. |
| 250 ## - EDITION STATEMENT | |
| Edition statement | 6th ed. |
| 260 ## - PUBLICATION, DISTRIBUTION, ETC. | |
| Place of publication, distribution, etc. | Boston: |
| Name of publisher, distributor, etc. | Irwin/McGraw-Hill, |
| Date of publication, distribution, etc. | 2000. |
| 300 ## - PHYSICAL DESCRIPTION | |
| Extent | xxvi, 1093 p. : |
| Other physical details | ill. (some col.) ; |
| Dimensions | 26 cm. |
| 440 #4 - SERIES STATEMENT/ADDED ENTRY--TITLE | |
| Title | The Irwin/McGraw-Hill series in finance, insurance, and real estate |
| 500 ## - GENERAL NOTE | |
| General note | Includes a CD-ROM. |
| 504 ## - BIBLIOGRAPHY, ETC. NOTE | |
| Bibliography, etc. note | Includes bibliographical references and index. |
| 505 ## - FORMATTED CONTENTS NOTE | |
| Formatted contents note | Contents: 1. Value: Finance and the financial manager -- Present value and the cost of capital -- How to calculate present values -- The value of common stocks -- Why net present value leads to better investment decisions than other criteria -- Making investment decisions with the net present value rule -- 2. Risk: Introduction to risk, return and the opportunity cost of capital -- Risk and return -- Capital budgeting and risk -- 3. Practical problems in capital budgeting: A Project is not a black box -- Where positive net present values come from -- Making sure managers maximize NPV -- 4. Financing decisions and market efficiency: Corporate financing and the six lessons of market efficiency -- An overview of corporate financing -- How corporations issue securities 5. Dividend policy and capital structure: The Dividend controversy -- Does debt policy matter -- How much should a firm borrow -- Financing and valuation -- 6. Options: Spotting and valuing options -- Real options -- Warrants and convertibles -- 7. Debt financing: Valuing debt -- The many different kinds of debt -- Leasing -- 8. Risk management: Managing risk -- Managing international risks -- 9. Financial planning and short-term financial management: Financial analysis and planning -- Short-term financial planning -- Credit management -- Cash management -- Short-term lending and borrowing -- 10. Mergers, corporate control and governance: Mergers -- Control, governance and financial architecture -- 11. Conclusions: Conclusion: what we do and do not know about finance -- |
| 650 #0 - SUBJECT ADDED ENTRY--TOPICAL TERM | |
| Topical term or geographic name entry element | Corporations |
| General subdivision | Finance. |
| 700 1# - ADDED ENTRY--PERSONAL NAME | |
| Personal name | Myers, Stewart C. |
| 906 ## - LOCAL DATA ELEMENT F, LDF (RLIN) | |
| a | 7 |
| b | cbc |
| c | orignew |
| d | 1 |
| e | opcn |
| f | 19 |
| g | y-gencatlg |
| 942 ## - ADDED ENTRY ELEMENTS (KOHA) | |
| Source of classification or shelving scheme | Library of Congress Classification |
| Koha item type | Books |
| Withdrawn status | Lost status | Source of classification or shelving scheme | Damaged status | Not for loan | Home library | Current library | Shelving location | Date acquired | Total Checkouts | Full call number | Barcode | Date last seen | Price effective from | Koha item type |
|---|---|---|---|---|---|---|---|---|---|---|---|---|---|---|
| Library of Congress Classification | WISCONSIN INTERNATIONAL UNIVERSITY COLLEGE, GHANA KUMASI LIBRARY | WISCONSIN INTERNATIONAL UNIVERSITY COLLEGE, GHANA KUMASI LIBRARY | General Stacks | 07/11/2019 | HG4026.B66(6e) | K/1605/1605/19 | 25/11/2021 | 25/11/2021 | Books |
